quiz de giga chad - Statistiques

Statistiques générales
  • Ce quiz a été pris 330 fois
  • Le résultat moyen est 5 sur 15
Statistiques - réponses
Question Réponse % Correct
quel est le pays le plus grand du monde russie
88%
qu'es qui est jaune est qui attend jonathan
82%
allah ag bar veut dire dieu est grand
71%
je suis tres bo , tres charismatique , jai de tres bonne idee, tout lke monde devrai voter pour moi s'il veulent une france belle avec de l'avenire le Z
59%
la reponse c la trois .
47%
homme le plus grand au monde 277cm
41%
on croit le quel la deux ment
41%
si je te dit que demain cettait hier demain on est mardi aujourdhui on est quelle jour mercredie
41%
A , F , D , I , G ----> L
18%
quel pays nest pas en asie surinam
18%
question non
12%
combien y a t'il eu d'empereur en france 0
6%
combien y a t'il de "question(s)" dans ce quiz 3
6%
fini la phrase "nous sommes" en traine de marcher
0%
le premier roi de france jeanne d'arc
0%
Aucun quiz correspondant
Distribution des résultats
% des personnes avec chaque résultat
Percentile par nombre de réponses
Votre historique - résultats
Vous n’avez pas pris ce quiz